[Event "Helsingor Xtracon op"]
[Site "Helsingor"]
[Date "2019.07.23"]
[Round "5"]
[White "Knudsen, Jan Engelund"]
[Black "Linjord, Anders Jess"]
[Result "1-0"]
[WhiteElo "1577"]
[BlackElo "1222"]
[PlyCount "57"]
[EventDate "2019.07.20"]
[EventType "swiss"]
[EventRounds "10"]
[EventCountry "DEN"]
[SourceTitle "CBM 191 Extra"]
[Source "ChessBase"]
[SourceDate "2019.09.30"]
[SourceVersion "1"]
[SourceVersionDate "2019.09.30"]
[SourceQuality "1"]

1. e4 e5 2. f4 exf4 3. Nf3 d6 4. Bc4 Bg4 5. 0-0 Nf6 6. Nc3 Nc6 7. d4 Be7 8. Bxf4 0-0 9. Qd2 Bxf3 10. Rxf3 Nd7 11. Raf1 Bf6 12. Be3 Nb6 13. Bb3 Qe7 14. Rxf6 gxf6 15. Bh6 Kh8 16. Bxf8 Rxf8 17. Rf3 Rg8 18. Qf2 Rg6 19. h4 Rh6 20. g4 Qd7 21. g5 Qg4+ 22. Rg3 Qxh4 23. gxh6 Qxh6 24. Bxf7 Qg7 25. Rxg7 Kxg7 26. Be6 Kf8 27. Qxf6+ Ke8 28. Qf7+ Kd8 29. Qf8# 1-0